Terra Transoderana: (Titelsatznr. 79751)
[ MARC ]
| 000 -Satzkennung | |
|---|---|
| Kontrollfeld mit fester Länge | 00734nam a2200253 4500 |
| 001 - Kontrollnummer | |
| Kontrollfeld | 19528 |
| 003 - Kontrollnummer Identifier | |
| Kontrollfeld | OSt |
| 005 - Datum und Zeit der letzten Transaktion | |
| Kontrollfeld | 20250701114842.0 |
| 007 - Feld mit fester Länge zur physischen Beschreibung - Allgemeine Information | |
| Kontrollfeld mit fester Länge | tu |
| 008 - Feld mit fester Länge zur physischen Beschreibung - Allgemeine Angaben | |
| Kontrollfeld mit fester Länge | 171130s2008||||||| ger |
| 020 ## - Internationale Standardbuchnummer | |
| Internationale Standardbuchnummer | 9783937233505 |
| 040 ## - Katalogisierungsquelle | |
| Original-Katalogisierungsstelle | DE-2950 |
| Übertragungsstelle | DE-2950 |
| 245 00 - Titel | |
| Titel | Terra Transoderana: |
| Zusatz zum Titel | Zwischen Neumark und Ziemia Lubuska / |
| Verfasserangabe etc. | Hrsg. Institut für angewandte Geschichte e. V. |
| 264 ## - Produktion, Veröffentlichung, Distribution, Herstellung und Urheberrechtsvermerk | |
| Herstellungs-, Veröffentlichungs- Vertriebs-, Erzeugungsort | Berlin: |
| Produzent, Herausgeber, Distributor, Hersteller | be.bra wissenschaft Verl., |
| Datum der Herstellung, der Veröffentlichung, des Vertriebs oder des Urheberschutzvermerks | 2008 |
| 300 ## - Physische Beschreibung | |
| Umfang | 256 S. : Abb. |
| 365 ## - Handelspreis | |
| Währungscode | € |
| 546 ## - Fußnote zur Sprache | |
| Sprache | deutsch |
| 650 04 - Nebeneintragung unter einem Schlagwort - Sachschlagwort | |
| Sachschlagwort oder geografischer Name als Eintragungselement | neu |
| 700 1# - Nebeneintragung - Personenname | |
| Personenname | Vogenbeck, Berndt |
| Funktionsbezeichnung | Bearb. |
| 700 1# - Nebeneintragung - Personenname | |
| Personenname | Tomann, Juliane |
| Funktionsbezeichnung | Bearb. |
| 700 1# - Nebeneintragung - Personenname | |
| Personenname | Abraham-Diefenbach |
| Funktionsbezeichnung | Bearb. |
| 710 2# - Nebeneintragung - Körperschaftsname | |
| Körperschafts- oder Gebietskörperschaftsname als Eintragungselement | Institut für angewandte Geschichte e. V. |
| Funktionsbezeichnung | Hrsg. |
| 942 ## - Zusätzliche Felder (Koha) | |
| Klassifikation oder Aufstellungssystematik | Andere/Generische Klassifikation |
| Koha-Medientyp | Bücher |
| Ausgeschieden | Verloren | Klassifikation oder Aufstellungssystematik | Beschädigt | Nicht entleihbar | Heimatbibliothek | Aufenthaltsbibliothek | Aufstellungsort | Erwerbungsdatum | Lieferant | Kodierter Standort-Qualifier | Anzahl Ausleihen | Signatur | Letzte Aktivität | Exemplarnummer | Preis gültig von | Koha-Medientyp |
|---|---|---|---|---|---|---|---|---|---|---|---|---|---|---|---|---|
| Andere/Generische Klassifikation | Stadtarchiv Frankfurt (Oder) | Archivbibliothek | Stadtarchiv Frankfurt (Oder) | Archivbibliothek | Magazin | 25/11/2020 | Nachlass Stribrny | M | II: 5152 | 25/11/2020 | 71/2025 | 25/11/2020 | Bücher |